1877 1935 1409 1371 1702 1461 1101 1442 1045 1455 1513 1266 1006 1769 1423 1874 1613 1351 1814 1453 1503 1084 1665 1751 1979 1118 1071 1466 1395 1081 1663 1117 1764 1297 1190 1092 1665 1298 1704 1040 1254 1174 1544 1403 1875 1758 1440 1814 1344 1780 1862 1227 1049 1857 1574 1436 1055 1154 1250 1540 1042 1663 1173 1686 1588 1051 1338 1977 1805 1141 1730 1208 1188 1386 1920 1565 1223 1444 1704 1914 1596 1742 1244 1322 1550 1429 1042 1065 1999 1670 1376 1881 1462 1996 1454 1458 1874 1985 1917 BCNSPRNW ULIB Ver.6.0+V

เปลี่ยนเป็นภาษาไทย

Change to English
 แสดงรายละเอียดบรรณานุกรม
  กลับหน้าหลัก

Brief Record : Get Marc (ISO 2709) : E-mail record : QR code < ปิดหน้าต่าง
LEADER : 00000nam 2200000uu 4500
001    13399126067
003     ULIB
008    180524s2560||||th 000 0 tha d
020    ^a9786163982278
060 04 ^aWY152^bศ481ก
100 0  ^aศิริรัตน์ ปานอุทัย,บรรณาธิการ
245 02 ^aการพยาบาลผู้สูงอายุ เล่ม 2 /^cศิริรัตน์ ปานอุทัย,บรรณาธิการ
250    ^aพิมพ์ครั้งที่ 1
260    ^aเชียงใหม่ :^bสมาร์ทโคตติ้ง แอนด์ เซอร์วิส,^c2560.
300    ^a196 หน้า:^c26ซม.
650  7 ^aผู้สูงอายุ^xการพยาบาล
710 2  ^aมหาวิทยาลัยเชียงใหม่. ^bคณะพยาบาลศาสตร์
945    ^p250^l0^i25949
945    ^p250^l0^i25950
945    ^p250^l0^i25951
945    ^p250^l0^i25952
945    ^p250^l0^i25953
945    ^p250^l0^i25954
945    ^p250^l0^i25955
945    ^p250^l0^i25956
945    ^p250^l0^i25957
945    ^p250^l0^i25958
999    ^aกัณชพร
รายการนี้ยังไม่มีแท็ก
คุณยังไม่ได้ล็อกอิน คุณสามารถมีกิจกรรมร่วมกับเว็บไซต์ได้ แต่ต้องล็อกอินก่อน ::
  ล็อกอิน

รายการสื่อสารสนเทศ

ลำดับที่ ประเภท เลขเรียก/บาร์โค้ด สถานที่ สถานะ
1. หนังสือสำรอง
หนังสือสำรอง
WY152 ศ481ก ฉ.1 
  Barcode: 25949
ห้องสมุดวิทยาเขตสวรรค์ประชารักษ์
►หนังสือทั่วไป
บนชั้น
2. วิทยาศาสตร์การแพทย์ และสุขภาพ
วิทยาศาสตร์การแพทย์ และสุขภาพ
WY152 ศ481ก ฉ.10 
  Barcode: 25958
ห้องสมุดวิทยาเขตสวรรค์ประชารักษ์
►หนังสือทั่วไป
บนชั้น
3. วิทยาศาสตร์การแพทย์ และสุขภาพ
วิทยาศาสตร์การแพทย์ และสุขภาพ
WY152 ศ481ก ฉ.2 
  Barcode: 25950
ห้องสมุดวิทยาเขตสวรรค์ประชารักษ์
►หนังสือทั่วไป
บนชั้น
4. วิทยาศาสตร์การแพทย์ และสุขภาพ
วิทยาศาสตร์การแพทย์ และสุขภาพ
WY152 ศ481ก ฉ.3 
  Barcode: 25951
ห้องสมุดวิทยาเขตสวรรค์ประชารักษ์
►หนังสือทั่วไป
บนชั้น
5. วิทยาศาสตร์การแพทย์ และสุขภาพ
วิทยาศาสตร์การแพทย์ และสุขภาพ
WY152 ศ481ก ฉ.4 
  Barcode: 25952
ห้องสมุดวิทยาเขตสวรรค์ประชารักษ์
►หนังสือทั่วไป
บนชั้น
6. วิทยาศาสตร์การแพทย์ และสุขภาพ
วิทยาศาสตร์การแพทย์ และสุขภาพ
WY152 ศ481ก ฉ.5 
  Barcode: 25953
ห้องสมุดวิทยาเขตสวรรค์ประชารักษ์
►หนังสือทั่วไป
บนชั้น
7. วิทยาศาสตร์การแพทย์ และสุขภาพ
วิทยาศาสตร์การแพทย์ และสุขภาพ
WY152 ศ481ก ฉ.6 
  Barcode: 25954
ห้องสมุดวิทยาเขตสวรรค์ประชารักษ์
►หนังสือทั่วไป
บนชั้น
8. วิทยาศาสตร์การแพทย์ และสุขภาพ
วิทยาศาสตร์การแพทย์ และสุขภาพ
WY152 ศ481ก ฉ.7 
  Barcode: 25955
ห้องสมุดวิทยาเขตสวรรค์ประชารักษ์
►หนังสือทั่วไป
บนชั้น
9. วิทยาศาสตร์การแพทย์ และสุขภาพ
วิทยาศาสตร์การแพทย์ และสุขภาพ
WY152 ศ481ก ฉ.8 
  Barcode: 25956
ห้องสมุดวิทยาเขตสวรรค์ประชารักษ์
►หนังสือทั่วไป
บนชั้น
10. วิทยาศาสตร์การแพทย์ และสุขภาพ
วิทยาศาสตร์การแพทย์ และสุขภาพ
WY152 ศ481ก ฉ.9 
  Barcode: 25957
ห้องสมุดวิทยาเขตสวรรค์ประชารักษ์
►หนังสือทั่วไป
บนชั้น

รายการใกล้เคียง
    ผู้แต่ง [ศิริรัตน์ ปานอุทัย,บรรณาธิการ]

BibComment


ยังไม่เคยถูกคอมเมนท์

คอมเมนท์ทรัพยากรรายการนี้
  คอมเมนท์: การพยาบาลผู้สูงอ..


 Copyright 2026. Bcnsprnw @Library